[Event "1st Banja Luka it"]
[Site "Banja Luka YUG"]
[Date "1974.10.17"]
[Round "6"]
[White "Ivkov, Borislav"]
[Black "Tarjan, James Edward"]
[Result "1/2-1/2"]
[WhiteElo "2530"]
[BlackElo "2475"]
[EventDate "1974.10.10"]
[PlyCount "60"]

1.Nf3 g6 2.c4 Nf6 3.g3 Bg7 4.Bg2 O-O 5.O-O d5 6.cxd5 Nxd5 7.d4 Nc6 8.Nc3 
Nb6 9.e3 e5 10.d5 Ne7 11.e4 Bg4 12.Qb3 c6 13.Bg5 cxd5 14.Nxd5 Nbxd5 15.
exd5 h6 16.Bxe7 Qxe7 17.Rfe1 Rac8 18.Nd2 b6 19.Nc4 Rfd8 20.h3 Bf5 21.Rad1 
Qc5 22.Ne3 Bd7 23.Bf1 b5 24.Ng4 Re8 25.d6 a6 26.Rd5 Qb6 27.Nxe5 Bxe5 28.
Rexe5 Rxe5 29.Rxe5 Qxd6 30.Re1 Be6 1/2-1/2

[Event "1st Banja Luka it"]
[Site "Banja Luka YUG"]
[Date "1974.10.17"]
[Round "6"]
[White "Planinc, Albin"]
[Black "Damjanovic, Mato"]
[Result "1-0"]
[WhiteElo "2545"]
[BlackElo "2460"]
[EventDate "1974.10.10"]
[PlyCount "76"]

1.g3 g6 2.Bg2 Bg7 3.Nf3 d5 4.O-O Nf6 5.d3 O-O 6.Nbd2 c5 7.e4 dxe4 8.dxe4 
Nc6 9.c3 Nd7 10.Qe2 Nde5 11.Ne1 Qb6 12.h3 c4 13.Nc2 Be6 14.Ne3 Na5 15.Rb1 
Rfd8 16.Nd5 Qc5 17.b4 cxb3 18.axb3 Bxd5 19.exd5 Rxd5 20.Qe4 Rxd2 21.Bxd2 
Nac6 22.Rfd1 Rd8 23.Qe3 Qd6 24.Be1 Qxd1 25.Rxd1 Rxd1 26.Kh2 Rd7 27.f4 Nd3 
28.Bd2 Nb2 29.Bf1 a6 30.Be2 Na5 31.Be1 e6 32.Qb6 Nc6 33.Bf3 Nd3 34.Bxc6 
bxc6 35.Qxc6 Rd8 36.Qc7 Bf6 37.Bd2 Nb2 38.Bc1 Nd1 1-0

[Event "1st Banja Luka it"]
[Site "Banja Luka YUG"]
[Date "1974.10.17"]
[Round "6"]
[White "Mihaljcisin, Mihajlo"]
[Black "Hort, Vlastimil"]
[Result "0-1"]
[WhiteElo "2320"]
[BlackElo "2600"]
[EventDate "1974.10.10"]
[PlyCount "68"]

1.e4 Nf6 2.e5 Nd5 3.d4 d6 4.Nf3 Bg4 5.Be2 e6 6.O-O Be7 7.h3 Bh5 8.c4 Nb6 
9.exd6 cxd6 10.Nc3 O-O 11.b3 Nc6 12.Be3 d5 13.c5 Nc8 14.b4 a6 15.Rb1 Bf6 
16.a4 Bxf3 17.Bxf3 N8e7 18.b5 axb5 19.axb5 Na5 20.Qd3 Nc4 21.Rb4 Ra3 22.
Rxc4 dxc4 23.Qxc4 b6 24.Qb4 Ra7 25.Ne4 Nd5 26.Nxf6+ Qxf6 27.Bxd5 exd5 28.
Qb3 Rd8 29.Rc1 h6 30.Qb4 Rda8 31.cxb6 Qxb6 32.Rc6 Ra1+ 33.Kh2 Qb8+ 34.g3 
Qe8 0-1

[Event "1st Banja Luka it"]
[Site "Banja Luka YUG"]
[Date "1974.10.17"]
[Round "6"]
[White "Hartoch, Robert"]
[Black "Vukic, Milan"]
[Result "0-1"]
[WhiteElo "2370"]
[BlackElo "2425"]
[EventDate "1974.10.10"]
[PlyCount "54"]

1.e4 c6 2.d3 d5 3.Nd2 g6 4.g3 Bg7 5.Bg2 e5 6.Ngf3 Ne7 7.O-O O-O 8.b4 a5 9.
bxa5 Qxa5 10.Bb2 d4 11.Nc4 Qc7 12.a4 c5 13.Nfd2 Bh6 14.c3 Nec6 15.cxd4 
Nxd4 16.Nb3 Be6 17.Nxd4 cxd4 18.Bc1 Bg7 19.Bd2 Nd7 20.Rc1 Nc5 21.Bb4 Rfc8 
22.Bxc5 Qxc5 23.f4 Qa7 24.Nd6 Rc3 25.f5 Bb3 26.Qf3 Qc5 27.Nc4 Bxc4 0-1

[Event "1st Banja Luka it"]
[Site "Banja Luka YUG"]
[Date "1974.10.17"]
[Round "6"]
[White "Timman, Jan"]
[Black "Mestrovic, Zvonimir"]
[Result "0-1"]
[WhiteElo "2540"]
[BlackElo "2400"]
[EventDate "1974.10.10"]
[PlyCount "94"]

1.Nf3 c5 2.b3 Nc6 3.c4 e5 4.Nc3 f5 5.d3 Nf6 6.g3 Be7 7.Bg2 O-O 8.O-O d6 9.
a3 Qe8 10.Rb1 Qh5 11.Bg5 Be6 12.Bxf6 Bxf6 13.Rc1 g5 14.Nd2 g4 15.Nd5 Bxd5 
16.Bxd5+ Kh8 17.b4 Bg5 18.bxc5 dxc5 19.Rb1 Qh6 20.e3 b6 21.Qe2 Rae8 22.
Rbe1 Nd4 23.exd4 Bxd2 24.dxe5 Bc3 25.e6 Bxe1 26.Rxe1 Re7 27.Qe5+ Qg7 28.
Qd6 Qf6 29.Re2 Rfe8 30.a4 Qd4 31.Re3 Kg7 32.Kg2 Kf6 33.h3 gxh3+ 34.Kxh3 h5
35.Kg2 h4 36.Rf3 hxg3 37.Rxg3 Rh8 38.Kf1 f4 39.Rg6+ Kxg6 40.Qxe7 Qxd3+ 41.
Ke1 Qc3+ 42.Ke2 Qc2+ 43.Ke1 Qc3+ 44.Kd1 Qf6 45.Qd7 Kg5 46.e7 Qd4+ 47.Ke2 
Rh2 0-1

[Event "1st Banja Luka it"]
[Site "Banja Luka YUG"]
[Date "1974.10.17"]
[Round "6"]
[White "Marovic, Drazen"]
[Black "Bukic, Enver"]
[Result "1/2-1/2"]
[WhiteElo "2490"]
[BlackElo "2450"]
[EventDate "1974.10.10"]
[PlyCount "37"]

1.d4 Nf6 2.c4 g6 3.g3 Bg7 4.Bg2 O-O 5.Nc3 c5 6.d5 d6 7.Nf3 Na6 8.O-O Nc7 
9.a4 Rb8 10.Bf4 b6 11.e4 Bg4 12.h3 Bxf3 13.Bxf3 a6 14.Be2 Nd7 15.Qd2 Ne5 
16.Be3 b5 17.cxb5 axb5 18.axb5 Nxb5 19.f4 1/2-1/2

[Event "1st Banja Luka it"]
[Site "Banja Luka YUG"]
[Date "1974.10.18"]
[Round "7"]
[White "Bukic, Enver"]
[Black "Ivkov, Borislav"]
[Result "1/2-1/2"]
[WhiteElo "2450"]
[BlackElo "2530"]
[EventDate "1974.10.10"]
[PlyCount "26"]

1.Nf3 Nf6 2.c4 e6 3.d4 b6 4.g3 Bb7 5.Bg2 Be7 6.Nc3 O-O 7.O-O Ne4 8.Bd2 d5 
9.cxd5 exd5 10.Rc1 Nd7 11.Qb3 Nxc3 12.Bxc3 a5 13.Qc2 Re8 1/2-1/2

[Event "1st Banja Luka it"]
[Site "Banja Luka YUG"]
[Date "1974.10.18"]
[Round "7"]
[White "Mestrovic, Zvonimir"]
[Black "Marovic, Drazen"]
[Result "1-0"]
[WhiteElo "2400"]
[BlackElo "2490"]
[EventDate "1974.10.10"]
[PlyCount "57"]

1.e4 c6 2.d4 d5 3.e5 Bf5 4.Ne2 e6 5.Nf4 Nd7 6.Nd2 h6 7.Nf3 Ne7 8.c3 c5 9.
dxc5 Bg4 10.Bb5 Nc6 11.Nd3 Qc7 12.Be3 Bxf3 13.Qxf3 Ndxe5 14.Nxe5 Qxe5 15.
O-O a6 16.Ba4 Qc7 17.c4 Rd8 18.Rad1 Qa5 19.b3 Be7 20.cxd5 exd5 21.Rxd5 O-O
22.Bxc6 bxc6 23.Rxd8 Rxd8 24.Qxc6 Qxa2 25.Qb7 Qe2 26.g3 Bg5 27.Bxg5 hxg5 
28.c6 Qb5 29.c7 1-0

[Event "1st Banja Luka it"]
[Site "Banja Luka YUG"]
[Date "1974.10.18"]
[Round "7"]
[White "Csom, Istvan"]
[Black "Timman, Jan"]
[Result "1/2-1/2"]
[WhiteElo "2540"]
[BlackElo "2540"]
[EventDate "1974.10.10"]
[PlyCount "80"]

1.Nf3 d5 2.d4 Nf6 3.g3 c5 4.Bg2 cxd4 5.O-O Nbd7 6.Nxd4 e5 7.Nb3 Nb6 8.Bg5 
Be7 9.N1d2 a5 10.e4 d4 11.Nc1 O-O 12.Bxf6 Bxf6 13.Nd3 Na4 14.Nf3 Qd6 15.
Nfxe5 Bxe5 16.f4 Qb6 17.Nxe5 Nxb2 18.Qd2 a4 19.a3 Ra5 20.Rf2 Qc5 21.Bf1 f6
22.Nf3 b6 23.Qxd4 Qxd4 24.Nxd4 Rc5 25.Rb1 Rd8 26.Rxb2 Rxd4 27.Rxb6 Rxe4 
28.Rb8 Kf7 29.Bd3 Re1+ 30.Rf1 Rxf1+ 31.Kxf1 Rc3 32.Kf2 Bd7 33.Rb7 Ke8 34.
Bxh7 Rxa3 35.Ra7 f5 36.Ra5 Rc3 37.Bxf5 Bxf5 38.Rxf5 Rxc2+ 39.Kf3 Rxh2 40.
Ra5 Ra2 1/2-1/2

[Event "1st Banja Luka it"]
[Site "Banja Luka YUG"]
[Date "1974.10.18"]
[Round "7"]
[White "Hort, Vlastimil"]
[Black "Hartoch, Robert"]
[Result "1/2-1/2"]
[WhiteElo "2600"]
[BlackElo "2370"]
[EventDate "1974.10.10"]
[PlyCount "77"]

1.e4 g6 2.d4 Bg7 3.Nc3 d6 4.f4 Nc6 5.Be3 Nf6 6.Nf3 O-O 7.d5 Nb8 8.Be2 c6 
9.a4 a5 10.O-O Na6 11.Nd4 Nb4 12.Bf3 Nd7 13.Qe2 Qc7 14.Qf2 Nc5 15.Rfd1 Bd7
16.Rd2 Rac8 17.h3 Qb8 18.h4 Rce8 19.h5 Qc8 20.Qh4 Bf6 21.Qg3 Bg7 22.Qh2 
cxd5 23.exd5 Bg4 24.hxg6 fxg6 25.Rf1 Rf7 26.Qg3 Bd7 27.Ra1 Ref8 28.Nde2 
Bf5 29.Rc1 Bd7 30.b3 Bf5 31.Nd4 Bd7 32.Nce2 Nba6 33.Rcd1 Nc7 34.Qh4 Ne8 
35.Ng3 Bf6 36.Qh2 Ng7 37.Ne4 Nxe4 38.Bxe4 Bg4 39.Re1 1/2-1/2

[Event "1st Banja Luka it"]
[Site "Banja Luka YUG"]
[Date "1974.10.18"]
[Round "7"]
[White "Damjanovic, Mato"]
[Black "Mihaljcisin, Mihajlo"]
[Result "1/2-1/2"]
[WhiteElo "2460"]
[BlackElo "2320"]
[EventDate "1974.10.10"]
[PlyCount "38"]

1.e4 e5 2.Nf3 Nc6 3.Bb5 a6 4.Ba4 Nf6 5.O-O Be7 6.Re1 b5 7.Bb3 d6 8.c3 O-O 
9.h3 Na5 10.Bc2 c5 11.d4 Qc7 12.Nbd2 Nc6 13.d5 Nd8 14.a4 Bb7 15.Nf1 Ne8 
16.g4 g6 17.Ng3 Ng7 18.Bh6 f6 19.Qd2 Nf7 1/2-1/2

[Event "1st Banja Luka it"]
[Site "Banja Luka YUG"]
[Date "1974.10.18"]
[Round "7"]
[White "Tarjan, James Edward"]
[Black "Popov, Luben"]
[Result "1-0"]
[WhiteElo "2475"]
[BlackElo "2460"]
[EventDate "1974.10.10"]
[PlyCount "61"]

1.e4 c5 2.Nf3 e6 3.d3 Nc6 4.g3 d6 5.c3 Nf6 6.Bg2 Be7 7.O-O O-O 8.Nbd2 Re8 
9.Ng5 h6 10.Nh3 d5 11.f4 dxe4 12.dxe4 e5 13.Nf2 b6 14.Qa4 Bb7 15.Nc4 Qc7 
16.Ne3 exf4 17.Nd5 Nxd5 18.exd5 Ne5 19.Bxf4 Bd6 20.Ne4 a6 21.Rae1 b5 22.
Qd1 Nc4 23.Qg4 Kf8 24.Nxd6 Nxd6 25.Qg6 f6 26.Re6 Rxe6 27.dxe6 Rd8 28.Rd1 
Bxg2 29.Bxd6+ Rxd6 30.Rxd6 c4 31.Rd8+ 1-0

[Event "1st Banja Luka it"]
[Site "Banja Luka YUG"]
[Date "1974.10.19"]
[Round "8"]
[White "Ivkov, Borislav"]
[Black "Popov, Luben"]
[Result "1/2-1/2"]
[WhiteElo "2530"]
[BlackElo "2460"]
[EventDate "1974.10.10"]
[PlyCount "28"]

1.e4 c5 2.Nf3 Nf6 3.e5 Nd5 4.Nc3 Nxc3 5.dxc3 d6 6.exd6 Qxd6 7.Qxd6 exd6 8.
Bb5+ Nc6 9.Bf4 Bg4 10.O-O-O O-O-O 11.Bc4 f6 12.Rhe1 Bxf3 13.gxf3 Ne5 14.
Bd5 g5 1/2-1/2

[Event "1st Banja Luka it"]
[Site "Banja Luka YUG"]
[Date "1974.10.19"]
[Round "8"]
[White "Planinc, Albin"]
[Black "Tarjan, James Edward"]
[Result "0-1"]
[WhiteElo "2545"]
[BlackElo "2475"]
[EventDate "1974.10.10"]
[PlyCount "78"]

1.e4 c5 2.Nf3 d6 3.d4 cxd4 4.Nxd4 Nf6 5.Nc3 g6 6.Be3 Bg7 7.f3 Nc6 8.Qd2 
O-O 9.Bc4 Bd7 10.Bb3 Rc8 11.h4 Ne5 12.h5 Nxh5 13.O-O-O Nc4 14.Bxc4 Rxc4 
15.g4 Nf6 16.Nde2 Re8 17.Bh6 Bh8 18.e5 Nxg4 19.fxg4 Bxg4 20.exd6 Qxd6 21.
Qxd6 exd6 22.Rxd6 Bg7 23.Bxg7 Kxg7 24.Ng3 Rf4 25.Rd3 Re5 26.Rh2 h5 27.Kd2 
Kh6 28.Nd5 Rf3 29.c4 Kg5 30.Ne2 Rxd3+ 31.Kxd3 h4 32.Nec3 f5 33.Nb5 h3 34.
Nd4 Kh4 35.Rh1 g5 36.Nf6 Kg3 37.Nxg4 fxg4 38.b4 h2 39.c5 Kg2 0-1

[Event "1st Banja Luka it"]
[Site "Banja Luka YUG"]
[Date "1974.10.19"]
[Round "8"]
[White "Hartoch, Robert"]
[Black "Damjanovic, Mato"]
[Result "1/2-1/2"]
[WhiteElo "2370"]
[BlackElo "2460"]
[EventDate "1974.10.10"]
[PlyCount "20"]

1.e4 c5 2.Nf3 Nc6 3.d4 cxd4 4.Nxd4 Qc7 5.Nc3 e6 6.g3 a6 7.Bg2 Nf6 8.O-O 
Be7 9.Re1 O-O 10.Nxc6 dxc6 1/2-1/2

[Event "1st Banja Luka it"]
[Site "Banja Luka YUG"]
[Date "1974.10.19"]
[Round "8"]
[White "Marovic, Drazen"]
[Black "Csom, Istvan"]
[Result "1/2-1/2"]
[WhiteElo "2490"]
[BlackElo "2540"]
[EventDate "1974.10.10"]
[PlyCount "22"]

1.d4 Nf6 2.c4 e6 3.Nf3 b6 4.g3 Ba6 5.Qa4 Be7 6.Bg2 O-O 7.Nc3 c6 8.Bf4 d6 
9.O-O Nh5 10.Bd2 Nf6 11.Bf4 Nh5 1/2-1/2

[Event "1st Banja Luka it"]
[Site "Banja Luka YUG"]
[Date "1974.10.19"]
[Round "8"]
[White "Bukic, Enver"]
[Black "Mestrovic, Zvonimir"]
[Result "1-0"]
[WhiteElo "2450"]
[BlackElo "2400"]
[EventDate "1974.10.10"]
[PlyCount "63"]

1.d4 Nf6 2.c4 g6 3.Nc3 Bg7 4.e4 d6 5.Nf3 O-O 6.Be2 e5 7.Be3 exd4 8.Nxd4 
Re8 9.f3 Nc6 10.O-O Nxd4 11.Bxd4 c6 12.Qd2 Be6 13.Rad1 Qa5 14.Kh1 Qh5 15.
g4 Qa5 16.Qf4 Qd8 17.Bf2 Nd7 18.Qxd6 Be5 19.Qd2 Qc7 20.Qh6 Bf4 21.Qh3 h5 
22.Qg2 Nf6 23.Bd4 Nh7 24.gxh5 Ng5 25.hxg6 Bh3 26.Qf2 Bxf1 27.Qh4 Be5 28.
Bxe5 Rxe5 29.Rxf1 Kg7 30.f4 Rh8 31.Qg4 Ra5 32.e5 1-0

[Event "1st Banja Luka it"]
[Site "Banja Luka YUG"]
[Date "1974.10.21"]
[Round "9"]
[White "Mestrovic, Zvonimir"]
[Black "Ivkov, Borislav"]
[Result "1/2-1/2"]
[WhiteElo "2400"]
[BlackElo "2530"]
[EventDate "1974.10.10"]
[PlyCount "80"]

1.e4 e6 2.d4 d5 3.Nc3 Bb4 4.Ne2 dxe4 5.a3 Be7 6.Nxe4 Nf6 7.N2g3 Nbd7 8.Bc4
Nxe4 9.Nxe4 Nf6 10.Nxf6+ Bxf6 11.c3 O-O 12.Bf4 Bd7 13.Qf3 Bc6 14.Qh3 Be4 
15.O-O Bg6 16.Qg3 c6 17.Bc7 Bh4 18.Bxd8 Bxg3 19.hxg3 Rfxd8 20.Rfe1 a5 21.
Re5 b6 22.g4 Rac8 23.f4 c5 24.dxc5 Rxc5 25.Rxc5 bxc5 26.Re1 Kf8 27.Re5 Rc8
28.Kf2 Ke7 29.Kf3 Kd6 30.Re2 h5 31.gxh5 Bxh5+ 32.g4 Bg6 33.Rd2+ Ke7 34.Bb5
Rc7 35.Ke3 f6 36.Bc4 Be8 37.Rh2 Rb7 38.g5 Bc6 39.gxf6+ gxf6 40.Re2 Kd6 
1/2-1/2

[Event "1st Banja Luka it"]
[Site "Banja Luka YUG"]
[Date "1974.10.21"]
[Round "9"]
[White "Csom, Istvan"]
[Black "Bukic, Enver"]
[Result "1/2-1/2"]
[WhiteElo "2540"]
[BlackElo "2450"]
[EventDate "1974.10.10"]
[PlyCount "43"]

1.Nf3 Nf6 2.g3 g6 3.Bg2 Bg7 4.c4 O-O 5.d4 c6 6.O-O d5 7.Qa4 dxc4 8.Qxc4 
Be6 9.Qa4 Nbd7 10.Nc3 Bf5 11.Bf4 Ne4 12.Rfd1 Nxc3 13.bxc3 Be4 14.Rac1 b5 
15.Qa6 Nb6 16.Bh3 Bxf3 17.exf3 e6 18.Bf1 Qc8 19.Qa5 Qd7 20.Be3 Rfd8 21.f4 
Qd5 22.Qa6 1/2-1/2

[Event "1st Banja Luka it"]
[Site "Banja Luka YUG"]
[Date "1974.10.21"]
[Round "9"]
[White "Vukic, Milan"]
[Black "Marovic, Drazen"]
[Result "1-0"]
[WhiteElo "2425"]
[BlackElo "2490"]
[EventDate "1974.10.10"]
[PlyCount "123"]

1.d4 Nf6 2.c4 c5 3.d5 g6 4.Nf3 Bg7 5.Nc3 d6 6.g3 O-O 7.Bg2 e6 8.O-O exd5 
9.cxd5 a6 10.a4 Nbd7 11.Nd2 Re8 12.h3 Nh5 13.Kh2 f5 14.e4 Ne5 15.exf5 Bxf5
16.g4 Nf4 17.gxf5 Nxg2 18.f6 Nf4 19.Nde4 Bh6 20.Rg1 Qd7 21.Rg3 b5 22.Ne2 
Nxe2 23.Qxe2 Bxc1 24.Rxc1 Kh8 25.Rcg1 Nf7 26.Qf3 Re5 27.Rg4 Rae8 28.axb5 
axb5 29.Rh4 Qf5 30.Rf4 Qd7 31.Ng3 Qb7 32.Rd1 Qa8 33.Rh4 Qa2 34.Qd3 Kg8 35.
Qxb5 Qa8 36.Qd3 Qd8 37.Rf4 Qd7 38.h4 Rb8 39.Rd2 Qb5 40.Qxb5 Rxb5 41.Ra4 
Re8 42.Ne4 Reb8 43.Ra7 Rb4 44.Re2 h6 45.f3 Kf8 46.Kg3 R8b7 47.Rxb7 Rxb7 
48.Kf4 Rb3 49.Rg2 g5+ 50.hxg5 hxg5+ 51.Nxg5 Nxg5 52.Kxg5 Rxf3 53.Kg6 c4 
54.Rg4 c3 55.bxc3 Rxc3 56.Kf5 Re3 57.Kg6 Re1 58.Ra4 Rg1+ 59.Kf5 Re1 60.
Ra8+ Kf7 61.Ra7+ Kf8 62.Re7 1-0

[Event "1st Banja Luka it"]
[Site "Banja Luka YUG"]
[Date "1974.10.21"]
[Round "9"]
[White "Hort, Vlastimil"]
[Black "Timman, Jan"]
[Result "1/2-1/2"]
[WhiteElo "2600"]
[BlackElo "2540"]
[EventDate "1974.10.10"]
[PlyCount "32"]

1.e4 d6 2.d4 Nf6 3.Nc3 g6 4.Nf3 Bg7 5.Be2 O-O 6.O-O Bg4 7.Be3 Nc6 8.d5 
Bxf3 9.Bxf3 Ne5 10.Bd4 Nxf3+ 11.Qxf3 c5 12.dxc6 bxc6 13.Rfd1 Nd7 14.Bxg7 
Kxg7 15.Na4 Qa5 16.b3 Nb6 1/2-1/2

[Event "1st Banja Luka it"]
[Site "Banja Luka YUG"]
[Date "1974.10.21"]
[Round "9"]
[White "Damjanovic, Mato"]
[Black "Kuzmin, Gennady"]
[Result "0-1"]
[WhiteElo "2460"]
[BlackElo "2600"]
[EventDate "1974.10.10"]
[PlyCount "66"]

1.e4 c5 2.Nf3 e6 3.d4 cxd4 4.Nxd4 Nc6 5.Nc3 d6 6.Be3 Nf6 7.Bc4 Be7 8.Bb3 
a6 9.Qe2 O-O 10.O-O-O Qc7 11.Rhg1 Na5 12.g4 b5 13.g5 Nxb3+ 14.axb3 Nd7 15.
Qh5 g6 16.Qh6 Re8 17.Rg3 Bf8 18.Qh4 b4 19.Na4 Bg7 20.Ne2 Rb8 21.Rf3 Nf8 
22.Rf6 Bd7 23.e5 Rec8 24.Rd2 dxe5 25.Kb1 Bxa4 26.bxa4 b3 27.c3 Qc6 28.Nc1 
Nd7 29.Rd3 Rd8 30.Bd2 Nxf6 31.gxf6 Rxd3 32.Nxd3 Bxf6 33.Qxf6 Qe4 0-1

[Event "1st Banja Luka it"]
[Site "Banja Luka YUG"]
[Date "1974.10.21"]
[Round "9"]
[White "Popov, Luben"]
[Black "Planinc, Albin"]
[Result "1/2-1/2"]
[WhiteElo "2460"]
[BlackElo "2545"]
[EventDate "1974.10.10"]
[PlyCount "92"]

1.c4 g6 2.Nc3 Bg7 3.g3 e6 4.Bg2 a6 5.e4 b5 6.cxb5 axb5 7.d4 b4 8.Nce2 Nf6 
9.Nf4 d6 10.Nge2 O-O 11.Nd3 e5 12.O-O exd4 13.Nxd4 Bb7 14.Nb3 Re8 15.Re1 
Nbd7 16.Bf4 c5 17.Nd2 d5 18.exd5 Rxe1+ 19.Nxe1 Bxd5 20.Qc2 Qb6 21.Nc4 Qb7 
22.b3 Bxg2 23.Nxg2 Ne4 24.Re1 Nc3 25.Qd3 Rxa2 26.Be3 Qd5 27.Qxd5 Nxd5 28.
Rd1 Nxe3 29.fxe3 Ra1 30.Rxa1 Bxa1 31.Kf2 Kf8 32.Ke2 Ke7 33.Nf4 Nf6 34.Kd3 
g5 35.Nh3 h6 36.Nf2 Ke6 37.g4 Nd7 38.Ke4 Nf6+ 39.Kd3 Bc3 40.h3 Be1 41.Ne4 
Nd7 42.Ned6 Bc3 43.Ke4 Bg7 44.Ne8 Nf6+ 45.Nxf6 Bxf6 46.Kd3 Be5 1/2-1/2

[Event "1st Banja Luka it"]
[Site "Banja Luka YUG"]
[Date "1974.10.22"]
[Round "10"]
[White "Ivkov, Borislav"]
[Black "Planinc, Albin"]
[Result "1-0"]
[WhiteElo "2530"]
[BlackElo "2545"]
[EventDate "1974.10.10"]
[PlyCount "93"]

1.d4 Nf6 2.c4 g6 3.Nc3 Bg7 4.e4 d6 5.f3 O-O 6.Be3 c6 7.Qd2 a6 8.a4 a5 9.
Bd3 Na6 10.Rd1 e5 11.Nge2 Nb4 12.Bb1 exd4 13.Nxd4 d5 14.cxd5 cxd5 15.Ndb5 
Be6 16.Qf2 Qb8 17.O-O dxe4 18.Nxe4 Nxe4 19.Bxe4 Bb3 20.Rd7 Bxa4 21.Rxb7 
Bxb5 22.Rxb8 Raxb8 23.Rc1 f5 24.Bc2 Rfd8 25.Rd1 Rxd1+ 26.Bxd1 Nd3 27.Qd2 
f4 28.Bxf4 Nxf4 29.Qxf4 Rd8 30.Bb3+ Kh8 31.h4 a4 32.Qc7 Bd4+ 33.Kh2 Re8 
34.Qb7 Be5+ 35.Kh3 Rb8 36.Qe4 Bd7+ 37.g4 Bxb2 38.Bxa4 Bxa4 39.Qxa4 Rf8 40.
Qb4 Bg7 41.f4 Re8 42.h5 gxh5 43.g5 h6 44.Qa4 Re3+ 45.Kh4 hxg5+ 46.fxg5 Re6
47.Qd7 1-0

[Event "1st Banja Luka it"]
[Site "Banja Luka YUG"]
[Date "1974.10.22"]
[Round "10"]
[White "Mihaljcisin, Mihajlo"]
[Black "Popov, Luben"]
[Result "1/2-1/2"]
[WhiteElo "2320"]
[BlackElo "2460"]
[EventDate "1974.10.10"]
[PlyCount "27"]

1.e4 c5 2.Nf3 e6 3.d4 cxd4 4.Nxd4 a6 5.Bd3 Nf6 6.O-O d6 7.Qe2 g6 8.c4 Bg7 
9.Nc3 O-O 10.Be3 Nbd7 11.Rac1 Re8 12.Rfd1 b6 13.b4 Bb7 14.Nb3 1/2-1/2

[Event "1st Banja Luka it"]
[Site "Banja Luka YUG"]
[Date "1974.10.22"]
[Round "10"]
[White "Timman, Jan"]
[Black "Damjanovic, Mato"]
[Result "1-0"]
[WhiteElo "2540"]
[BlackElo "2460"]
[EventDate "1974.10.10"]
[PlyCount "63"]

1.c4 Nf6 2.Nc3 e6 3.e4 b6 4.e5 Ng8 5.d4 Bb7 6.f4 Nh6 7.Nf3 Nf5 8.Be2 Bb4 
9.O-O Nc6 10.Kh1 O-O 11.d5 Nce7 12.Bd3 Bxc3 13.bxc3 exd5 14.cxd5 g6 15.c4 
Ng7 16.Ng5 f5 17.exf6 Rxf6 18.Bb2 Nef5 19.Qd2 h6 20.Qc3 hxg5 21.Qxf6 Qxf6 
22.Bxf6 g4 23.Rae1 Ne8 24.Bb2 Kf7 25.Ba3 Ned6 26.Bxd6 cxd6 27.Re2 Ba6 28.
Rfe1 Kf6 29.Re8 Rxe8 30.Rxe8 Ne7 31.Rf8+ Kg7 32.Rd8 1-0

[Event "1st Banja Luka it"]
[Site "Banja Luka YUG"]
[Date "1974.10.22"]
[Round "10"]
[White "Marovic, Drazen"]
[Black "Hort, Vlastimil"]
[Result "1/2-1/2"]
[WhiteElo "2490"]
[BlackElo "2600"]
[EventDate "1974.10.10"]
[PlyCount "27"]

1.d4 Nf6 2.c4 e6 3.Nc3 d5 4.Bg5 Be7 5.e3 Nbd7 6.Rc1 O-O 7.Nf3 c6 8.Bd3 
dxc4 9.Bxc4 Nd5 10.Bxe7 Qxe7 11.O-O Nxc3 12.Rxc3 b6 13.Qe2 c5 14.Bb5 
1/2-1/2

[Event "1st Banja Luka it"]
[Site "Banja Luka YUG"]
[Date "1974.10.22"]
[Round "10"]
[White "Bukic, Enver"]
[Black "Vukic, Milan"]
[Result "1/2-1/2"]
[WhiteElo "2450"]
[BlackElo "2425"]
[EventDate "1974.10.10"]
[PlyCount "21"]

1.Nf3 Nf6 2.c4 g6 3.Nc3 Bg7 4.d4 O-O 5.e4 d6 6.Be3 e5 7.Be2 Ng4 8.Bg5 f6 
9.Bh4 g5 10.Bg3 Nh6 11.c5 1/2-1/2

[Event "1st Banja Luka it"]
[Site "Banja Luka YUG"]
[Date "1974.10.23"]
[Round "11"]
[White "Damjanovic, Mato"]
[Black "Marovic, Drazen"]
[Result "1/2-1/2"]
[WhiteElo "2460"]
[BlackElo "2490"]
[EventDate "1974.10.10"]
[PlyCount "29"]

1.e4 Nf6 2.e5 Nd5 3.d4 d6 4.Nf3 Bg4 5.Be2 e6 6.O-O Be7 7.c4 Nb6 8.Nc3 O-O 
9.Be3 d5 10.c5 Bxf3 11.Bxf3 Nc4 12.Bc1 b6 13.b3 Na5 14.b4 Nc4 15.Rb1 
1/2-1/2

[Event "1st Banja Luka it"]
[Site "Banja Luka YUG"]
[Date "1974.10.23"]
[Round "11"]
[White "Popov, Luben"]
[Black "Hartoch, Robert"]
[Result "1/2-1/2"]
[WhiteElo "2460"]
[BlackElo "2370"]
[EventDate "1974.10.10"]
[PlyCount "26"]

1.d4 g6 2.g3 Bg7 3.Bg2 d5 4.Nf3 Nf6 5.c4 c6 6.cxd5 cxd5 7.Nc3 O-O 8.O-O 
Ne4 9.Nxe4 dxe4 10.Ne5 Nd7 11.Nxd7 Qxd7 12.Bxe4 Qxd4 13.Qxd4 Bxd4 1/2-1/2

[Event "1st Banja Luka it"]
[Site "Banja Luka YUG"]
[Date "1974.10.23"]
[Round "11"]
[White "Planinc, Albin"]
[Black "Mihaljcisin, Mihajlo"]
[Result "0-1"]
[WhiteElo "2545"]
[BlackElo "2320"]
[EventDate "1974.10.10"]
[PlyCount "62"]

1.b3 e5 2.Bb2 Nc6 3.e3 d5 4.Bb5 Bd6 5.Nf3 Bg4 6.c4 Nf6 7.cxd5 Nxd5 8.h3 
Bxf3 9.Qxf3 Nb4 10.O-O Qf6 11.Qxf6 gxf6 12.Nc3 a6 13.Be2 Ne7 14.Ne4 Nbd5 
15.f4 Bb4 16.fxe5 f5 17.Nf6+ Nxf6 18.exf6 Ng6 19.Rad1 O-O-O 20.d4 Rhe8 21.
Bc4 Rxe3 22.Rxf5 Rd7 23.Kf2 Re8 24.a3 Bd6 25.Rh5 Rh8 26.g3 Kb8 27.Rc1 c6 
28.h4 Bc7 29.Rh6 Rd6 30.h5 Rxf6+ 31.Kg1 Bxg3 0-1

[Event "1st Banja Luka it"]
[Site "Banja Luka YUG"]
[Date "1974.10.24"]
[Round "12"]
[White "Ivkov, Borislav"]
[Black "Mihaljcisin, Mihajlo"]
[Result "1-0"]
[WhiteElo "2530"]
[BlackElo "2320"]
[EventDate "1974.10.10"]
[PlyCount "79"]

1.Nf3 Nf6 2.c4 g6 3.Nc3 d5 4.d4 Bg7 5.Bg5 Ne4 6.Bh4 Nxc3 7.bxc3 c5 8.e3 
cxd4 9.cxd4 Nc6 10.Rc1 O-O 11.Qa4 dxc4 12.Bxc4 Bd7 13.Qa3 Qa5+ 14.Qxa5 
Nxa5 15.Bd3 Rfc8 16.Ke2 Kf8 17.Ng5 h6 18.Ne4 Rxc1 19.Rxc1 Rc8 20.Nc5 Ke8 
21.Rb1 Bc6 22.f3 b6 23.Ba6 Rd8 24.Be1 e5 25.Bxa5 bxa5 26.Nb7 Bxb7 27.Rxb7 
exd4 28.Bb5+ Kf8 29.Bc4 Kg8 30.Bxf7+ Kh7 31.e4 a4 32.Kd3 Rc8 33.e5 Rc3+ 
34.Kxd4 Rc2 35.Kd3 Rxg2 36.e6 Bf6 37.e7 Bxe7 38.Rxe7 Rxh2 39.Be6+ Kh8 40.
Rxa7 1-0

[Event "1st Banja Luka it"]
[Site "Banja Luka YUG"]
[Date "1974.10.24"]
[Round "12"]
[White "Hartoch, Robert"]
[Black "Planinc, Albin"]
[Result "0-1"]
[WhiteElo "2370"]
[BlackElo "2545"]
[EventDate "1974.10.10"]
[PlyCount "68"]

1.c4 g6 2.d4 Bg7 3.e4 d6 4.Nc3 Nf6 5.f3 O-O 6.Be3 c6 7.Bd3 a6 8.Rc1 b5 9.
e5 Nfd7 10.f4 Nb6 11.b3 Be6 12.Qe2 N8d7 13.Nf3 bxc4 14.bxc4 c5 15.d5 Bg4 
16.exd6 exd6 17.O-O Re8 18.Qd2 Nf6 19.Kh1 Ra7 20.Bg1 Rae7 21.h3 Bf5 22.
Rfe1 Rxe1 23.Rxe1 Rxe1 24.Nxe1 Nh5 25.Ne2 Qe8 26.Bf2 Bxd3 27.Qxd3 Qa4 28.
Qb3 Qxc4 29.Qxc4 Nxc4 30.Nd3 Nb6 31.Nb4 a5 32.Nc6 a4 33.f5 Nf6 34.Nc3 
Nfxd5 0-1

[Event "1st Banja Luka it"]
[Site "Banja Luka YUG"]
[Date "1974.10.24"]
[Round "12"]
[White "Kuzmin, Gennady"]
[Black "Popov, Luben"]
[Result "1-0"]
[WhiteElo "2600"]
[BlackElo "2460"]
[EventDate "1974.10.10"]
[PlyCount "77"]

1.e4 c5 2.Nf3 e6 3.d4 cxd4 4.Nxd4 a6 5.Bd3 Nf6 6.O-O d6 7.f4 Nc6 8.Nxc6 
bxc6 9.Nd2 Be7 10.e5 dxe5 11.fxe5 Qd4+ 12.Kh1 Qxe5 13.Nc4 Qc7 14.Bf4 Qd8 
15.Qf3 O-O 16.Ne5 Bb7 17.Rad1 Qa5 18.Qh3 Rad8 19.b4 Bxb4 20.Bg5 Rxd3 21.
cxd3 Ne4 22.dxe4 Qxe5 23.a3 Qxg5 24.axb4 c5 25.Qf3 f5 26.Qb3 Qg6 27.bxc5 
Bxe4 28.Rf2 h5 29.Rd6 Kh7 30.Rxe6 Qg4 31.h3 Qh4 32.Qe3 Rd8 33.Rf4 Rd1+ 34.
Kh2 Qe1 35.Qxe1 Rxe1 36.Rxf5 Re2 37.Rxh5+ Kg8 38.Rg5 Kf7 39.Rxa6 1-0

[Event "1st Banja Luka it"]
[Site "Banja Luka YUG"]
[Date "1974.10.24"]
[Round "12"]
[White "Csom, Istvan"]
[Black "Vukic, Milan"]
[Result "1/2-1/2"]
[WhiteElo "2540"]
[BlackElo "2425"]
[EventDate "1974.10.10"]
[PlyCount "61"]

1.Nf3 Nf6 2.g3 g6 3.Bg2 Bg7 4.c4 O-O 5.d4 d6 6.Nc3 c6 7.O-O Qa5 8.d5 Qb4 
9.Nd2 Bd7 10.a3 Qb6 11.Nb3 cxd5 12.Be3 Qd8 13.cxd5 a5 14.h3 Na6 15.Kh2 Rc8
16.Nd4 Be8 17.f4 Nd7 18.Bf2 Nb6 19.e4 a4 20.Qe2 Nc5 21.Rad1 Ncd7 22.e5 Nc5
23.Rfe1 Nb3 24.Nxb3 axb3 25.Rd4 Nd7 26.Re4 b6 27.Qd1 Nc5 28.Bxc5 bxc5 29.
Qxb3 Rb8 30.Qc2 Qa5 31.R1e2 1/2-1/2